000 00771nam a2200241Ia 4500
001 16497
003 GE_BSU
008 181216s||||||||xx |||||||||||||| ||und||
020 _a5030037861
040 _cGE_BSU
080 _a541.1
100 _aЭткинс,П, ДЖ,ДЕ,Паула,
245 _aФизическая химия=ATKINS'Physical Chemistry
245 _bРавновесная термодинамика
245 _cПер:с англ,И,А,Успенской,В,А,Иванова,Под:ред:,В,В,Лунина,О,М,Полторока
260 _aМосква
260 _bМир
260 _c2007
541 _h55Л,
653 _aФизическая химия
653 _aფიზიკური ქიმია
942 _cBK
999 _c49565
_d49565